000 00857nam a2200229 i 4500
001 185388
003 SpMaBN
005 20230906222423.0
008 160527s2015 sp ao |||| |cspa d
020 _a978-84-608-3723-7
080 _a636.09:614.25(460.16 Olite)"1549/1976"
080 _a908(460.16 Olite)
100 1 _aEtxaniz Makazaga, José-Manuel.
_9137731
245 1 0 _aDe albéitares y veterinarios en la ciudad de Olite
_b: (1549-1976) /
_cJosé Manuel Etxaniz Makazaga.
260 _a[Donostia-San Sebastián] :
_bColegio Oficial de Veterinarios de Gipuzkoa,
_c2015.
300 _a101 p. :
_bil. ;
_c30 cm.
504 _aReferencias bibliográficas.
650 7 _aVeterinarios-
_zOlite.
_9161621
651 4 _aOlite-
_xDescripción.
_9159679
710 2 _aColegio Oficial de Veterinarios de Gipuzkoa.
_9138774
852 _aES-MaACL
_j2330-F-21
999 _c185388
_d185388